Marketingová stratégia značky Herbert Sirupy bakalárska práca

Saved in:
Bibliographic Details
Main Author: Blažo, Lukáš
Corporate Author: Obchodná fakulta EU. Katedra marketingu
Other Authors: Klepochová, Dagmar, 1968-
Format: Book
Language:Slovak
Published: Bratislava 2018
Tags: Add Tag
No Tags, Be the first to tag this record!

MARC

LEADER 00000nbm a2200000 4500
001 0245022
005 20180815082334.5
041 0 |a slo 
044 |a SK 
245 1 0 |a Marketingová stratégia značky Herbert Sirupy  |b bakalárska práca  |c Lukáš Blažo ; školiteľ: Dagmar Klepochová 
264 1 |a Bratislava  |c 2018 
300 |a 54 s. 
100 1 |a Blažo, Lukáš 
700 1 |a Klepochová, Dagmar, 1968- 
710 2 |a Obchodná fakulta EU. Katedra marketingu